| 000 | 00851cas a2200229Ia 4500 | ||
|---|---|---|---|
| 040 | _cCTX | ||
| 082 | _a331 UNI 1993 A064 Or. | ||
| 245 | 1 | 0 | _aHuman development report |
| 246 | 1 | 3 | _aUnited Nations Development Programme human development report |
| 246 | 1 | _aHuman development reports | |
| 246 | 3 | _aHDR | |
| 500 | _aAt head of title: United Nations Development Programme | ||
| 500 | _aTitle from title screen; viewed Mar. 21, 2000 | ||
| 500 | _aElectronic resource | ||
| 520 | 8 | _aWeb site includes resources related to the Human development report, including national Human development reports, occasional papers, and symposia | |
| 650 | 0 | _aEconomic development | |
| 650 | 0 | _aQuality of life | |
| 650 | 0 | _aSocial indicators | |
| 710 | 2 | _aUnited Nations Development Programme. | |
| 856 | 4 | 0 | _uhttp://bibpurl.oclc.org/web/1940 |
| 942 | _cEK | ||
| 999 |
_c13967 _d13967 |
||